Music Quiz

Random Music or Lyrics Quiz

Drive My Soul Quiz Stats

Quiz not verified by Sporcle

Also try: Music Pictograms
Challenge
Share
Tweet
Embed
Score 0/21 Timer 10:00
0 Plays Today
Words Next Lyric % Correct
Seems somebody put out the moonnow the road is a minefield
90.9%
WhoWill drive my soul
72.7%
Whowill drive my soul
72.7%
I can't follow the way she movesI can't see past the shadows
63.6%
When You're gonewill i lose control
54.5%
You're the onlyRoad I know
54.5%
You Show MeWhere to go
54.5%
How can I know where to turn
45.5%
I know where I am when you are heremy way becomes so clear
36.4%
There's no bordersthere are no lines
36.4%
I know what I am when you are here
36.4%
Words Next Lyric % Correct
WhenYou're gone
36.4%
WillI lose control
36.4%
You're theonly road I know
36.4%
you make the streetlights reappear
27.3%
Youshow me where to go
27.3%
You make the darkness DisappearI feel found when you stay near
18.2%
Seems somebodyburned out the signs
18.2%
I can't expect the hard curves
18.2%
I feelbright when you stand near
18.2%
Myplace becomes so clear
18.2%

You're not logged in!

Compare scores with friends on all Sporcle quizzes.
Join for Free
OR
Log In

You Might Also Like...

Show Comments

Extras

Created Mar 2, 2010ReportNominate
Tags:Lyrics Quiz, drive, next, soul

Top Quizzes Today


Score Distribution

Your Account Isn't Verified!

In order to create a playlist on Sporcle, you need to verify the email address you used during registration. Go to your Sporcle Settings to finish the process.

Report this User

Report this user for behavior that violates our Community Guidelines.

Details: